[Event "Olympiad Women-45"]
[Site "Budapest"]
[Date "2024.09.21"]
[Round "10.2"]
[White "Hoang, Thanh Trang"]
[Black "Vo, Thi Kim Phung"]
[Result "1/2-1/2"]
[WhiteElo "2351"]
[BlackElo "2320"]
[PlyCount "142"]
[EventDate "2024.09.11"]
[EventType "team-swiss"]
[EventRounds "11"]
[EventCountry "HUN"]
[SourceTitle "EXT 2025"]
[Source "ChessBase"]
[SourceDate "2024.10.14"]
[SourceVersion "1"]
[SourceVersionDate "2024.10.14"]
[SourceQuality "1"]
[WhiteTeam "Hungary (W)"]
[BlackTeam "Vietnam (W)"]
[WhiteTeamCountry "HUN"]
[BlackTeamCountry "VIE"]

1. d4 d5 2. c4 e6 3. Nf3 Nf6 4. g3 Be7 5. Bg2 0-0 6. 0-0 c6 7. Qc2 b6 8. Nbd2 Nbd7 9. e4 dxc4 10. Nxc4 Bb7 11. Rd1 c5 12. e5 Nd5 13. Nd6 Bxd6 14. Ng5 g6 15. exd6 Nb4 16. Qe2 Bxg2 17. Kxg2 c4 18. Qxc4 Nd5 19. Ne4 Qc8 20. Qxc8 Rfxc8 21. Bh6 f6 22. h4 Rc6 23. Rac1 Rac8 24. Rxc6 Rxc6 25. Rc1 Rxc1 26. Bxc1 Kf7 27. b3 Nb8 28. Kf3 Nc6 29. Bb2 Ke8 30. g4 Kd7 31. Kg3 Nd8 32. Ba3 Nf7 33. f4 f5 34. gxf5 exf5 35. Nd2 Nc3 36. Kf3 Nb5 37. Bb2 Nfxd6 38. a4 Nc7 39. Nc4 Nd5 40. Ne5+ Ke6 41. Nc6 Ne4 42. Bc1 a6 43. Ne5 b5 44. axb5 axb5 45. Ke2 Nb4 46. Ba3 Nc2 47. Bb2 Kd5 48. Nf3 Nb4 49. Ke3 Nc6 50. Kd3 Nf2+ 51. Ke2 Ng4 52. Bc3 b4 53. Bd2 Nxd4+ 54. Nxd4 Kxd4 55. Bxb4 Nf6 56. Bd6 Nd5 57. Kf3 h5 58. Be5+ Kd3 59. Bd6 Nc3 60. Be5 Nb1 61. b4 Nd2+ 62. Kf2 Ne4+ 63. Kf3 Kc4 64. Ke3 Ng3 65. Kf2 Ne4+ 66. Ke3 Kd5 67. Kd3 Nf2+ 68. Kc3 Nd1+ 69. Kd2 Nf2 70. Kc3 Ne4+ 71. Kd3 Nf2+ 1/2-1/2

[Event "Dortmund Sparkassen op-A 51st"]
[Site "Dortmund"]
[Date "2024.08.15"]
[Round "6"]
[White "Kummerow, Heiko"]
[Black "Hoang, Thanh Trang"]
[Result "0-1"]
[WhiteElo "2117"]
[BlackElo "2354"]
[PlyCount "48"]
[EventDate "2024.08.10"]
[EventType "swiss"]
[EventRounds "9"]
[EventCountry "GER"]
[SourceTitle "CBM 221 Extra"]
[Source "ChessBase"]
[SourceDate "2024.09.30"]
[SourceVersion "1"]
[SourceVersionDate "2024.09.30"]
[SourceQuality "1"]

1. e4 e6 2. d4 d5 3. Nd2 Be7 4. Ngf3 Nf6 5. e5 Nfd7 6. Bd3 c5 7. c3 b6 8. 0-0 Ba6 9. Ne1 Qc8 10. Qg4 0-0 11. Ndf3 Kh8 12. h4 Nc6 13. Bg5 Bxd3 14. Nxd3 f6 15. exf6 gxf6 16. Bh6 Rg8 17. Qh3 e5 18. dxe5 Ndxe5 19. Nfxe5 fxe5 20. Qh2 Qf5 21. Rad1 Rg6 22. Rc1 Rag8 23. g3 Rg4 24. Qg2 Bxh4 0-1

[Event "Dortmund Sparkassen op-A 51st"]
[Site "Dortmund"]
[Date "2024.08.13"]
[Round "4"]
[White "Labruyere, Roger"]
[Black "Hoang, Thanh Trang"]
[Result "1-0"]
[WhiteElo "2189"]
[BlackElo "2354"]
[PlyCount "85"]
[EventDate "2024.08.10"]
[EventType "swiss"]
[EventRounds "9"]
[EventCountry "GER"]
[SourceTitle "CBM 221 Extra"]
[Source "ChessBase"]
[SourceDate "2024.09.30"]
[SourceVersion "1"]
[SourceVersionDate "2024.09.30"]
[SourceQuality "1"]

1. e4 e6 2. d4 d5 3. Nc3 Nf6 4. e5 Nfd7 5. Nce2 c5 6. c3 Nc6 7. f4 Qb6 8. a3 a5 9. Nf3 f6 10. h4 Be7 11. Ng3 cxd4 12. cxd4 f5 13. h5 h6 14. Ne2 Qd8 15. Nc3 Nb6 16. Bd3 0-0 17. Be3 a4 18. Nd2 Bh4+ 19. Kf1 Na5 20. Qe2 Bd7 21. g4 Nac4 22. gxf5 Nxe3+ 23. Qxe3 exf5 24. Ke2 Be6 25. Rag1 Kh8 26. Rg6 Bf7 27. Rd6 Bxh5+ 28. Kf1 Qc7 29. Rxh4 Bg4 30. Kf2 Rae8 31. Qg3 Nc8 32. Rxd5 Rd8 33. Rxd8 Rxd8 34. Qe3 Ne7 35. d5 Nxd5 36. Nxd5 Rxd5 37. Rxg4 fxg4 38. Qe4 Qc5+ 39. Kg2 g6 40. Qxg6 Qe7 41. Qxh6+ Kg8 42. Bc4 Qf7 43. Ne4 1-0

[Event "EU-ch (Women) 24th"]
[Site "Rhodes"]
[Date "2024.04.26"]
[Round "7"]
[White "Hoang, Thanh Trang"]
[Black "Kubicka, Anna"]
[Result "0-1"]
[WhiteElo "2382"]
[BlackElo "2292"]
[PlyCount "94"]
[EventDate "2024.04.19"]
[EventType "swiss"]
[EventRounds "10"]
[EventCountry "GRE"]
[SourceTitle "CBM 219 Extra"]
[Source "ChessBase"]
[SourceDate "2024.05.31"]
[SourceVersion "1"]
[SourceVersionDate "2024.05.31"]
[SourceQuality "1"]

1. d4 Nf6 2. Nf3 g6 3. g3 Bg7 4. Bg2 0-0 5. 0-0 d6 6. a4 a5 7. Re1 Nc6 8. e4 e5 9. c3 Bg4 10. h3 Bxf3 11. Bxf3 exd4 12. cxd4 Nd7 13. d5 Nb4 14. Nc3 Nc5 15. Bg2 Nbd3 16. Re2 Nxc1 17. Rxc1 Qd7 18. Nb5 Rae8 19. f4 b6 20. Kh2 Re7 21. Qc2 f5 22. Rce1 fxe4 23. Bxe4 Rfe8 24. Bf3 Rxe2+ 25. Rxe2 Rxe2+ 26. Qxe2 Nxa4 27. Bg4 Qd8 28. Nxc7 Nc5 29. Ne6 Qf6 30. Nxc5 bxc5 31. Qe8+ Bf8 32. Be6+ Kg7 33. Kh1 h5 34. h4 Kh6 35. Qb8 c4 36. Qc8 Bg7 37. Qxc4 Qxb2 38. f5 Qa1+ 39. Kg2 Bd4 40. Qe2 Qg1+ 41. Kf3 Qh1+ 42. Kf4 Be5+ 43. Ke3 Qg1+ 44. Kd2 Qd4+ 45. Ke1 Bxg3+ 46. Kf1 Qxh4 47. Kg1 Qh2+ 0-1

[Event "EU-ch (Women) 24th"]
[Site "Rhodes"]
[Date "2024.04.25"]
[Round "6"]
[White "Sandu, Mihaela"]
[Black "Hoang, Thanh Trang"]
[Result "1/2-1/2"]
[WhiteElo "2253"]
[BlackElo "2382"]
[PlyCount "119"]
[EventDate "2024.04.19"]
[EventType "swiss"]
[EventRounds "10"]
[EventCountry "GRE"]
[SourceTitle "CBM 219 Extra"]
[Source "ChessBase"]
[SourceDate "2024.05.31"]
[SourceVersion "1"]
[SourceVersionDate "2024.05.31"]
[SourceQuality "1"]

1. c4 f5 2. g3 Nf6 3. Bg2 e6 4. Nf3 d5 5. 0-0 Bd6 6. Nc3 0-0 7. d3 dxc4 8. dxc4 Nc6 9. Nb5 e5 10. Nxd6 cxd6 11. b3 Qc7 12. Ba3 Rd8 13. e3 d5 14. cxd5 Nxd5 15. Qc1 e4 16. Nd4 Nxd4 17. exd4 Be6 18. Qxc7 Nxc7 19. f3 exf3 20. Bxf3 Bd5 21. Rac1 Ne6 22. Bb2 g6 23. Be2 Rac8 24. Rfd1 a6 25. Kf2 Kf7 26. Ke3 Re8 27. Rxc8 Rxc8 28. Rc1 Re8 29. Kf2 Re7 30. Rc8 Rc7 31. Rxc7+ Nxc7 32. Ba3 Be4 33. Bd6 Nd5 34. a4 Ke6 35. Bf8 Nc3 36. a5 Bd5 37. Bc4 Bxc4 38. bxc4 Nd1+ 39. Kf3 Nb2 40. d5+ Kf7 41. Bb4 Nxc4 42. Kf4 b6 43. axb6 Nxb6 44. Ke5 a5 45. Be1 a4 46. Kd6 Nc4+ 47. Kc7 Ke8 48. Bc3 g5 49. d6 Nxd6 50. Kxd6 Kf7 51. Ke5 Kg6 52. Bb2 h6 53. Bc1 h5 54. h3 h4 55. gxh4 f4 56. Ke4 Kh5 57. hxg5 Kxg5 58. Kf3 Kh4 59. Kg2 f3+ 60. Kxf3 1/2-1/2

[Event "EU-ch (Women) 24th"]
[Site "Rhodes"]
[Date "2024.04.22"]
[Round "4"]
[White "Krasteva, Beloslava"]
[Black "Hoang, Thanh Trang"]
[Result "1-0"]
[WhiteElo "2220"]
[BlackElo "2382"]
[PlyCount "179"]
[EventDate "2024.04.19"]
[EventType "swiss"]
[EventRounds "10"]
[EventCountry "GRE"]
[SourceTitle "CBM 219 Extra"]
[Source "ChessBase"]
[SourceDate "2024.05.31"]
[SourceVersion "1"]
[SourceVersionDate "2024.05.31"]
[SourceQuality "1"]

1. d4 d5 2. c4 e6 3. Nc3 a6 4. cxd5 exd5 5. Nf3 Nf6 6. Bg5 Be6 7. e3 Nbd7 8. Bd3 Bd6 9. h3 h6 10. Bf4 Qe7 11. 0-0 0-0 12. Re1 c5 13. Bxd6 Qxd6 14. dxc5 Nxc5 15. Rc1 Rac8 16. Bb1 Qb6 17. Qd4 Rfe8 18. Ne2 Qb5 19. Nf4 a5 20. Bc2 b6 21. Ne5 Re7 22. Bd3 Qe8 23. Nf3 Rec7 24. Rcd1 Nxd3 25. Qxd3 Qa4 26. Nd4 Bd7 27. a3 Qc4 28. Qb1 Qc5 29. Nd3 Qe7 30. Rc1 Rc4 31. Nf4 Qe5 32. Nfe2 Ne4 33. Nf3 Qe7 34. Qd3 Qc5 35. Rxc4 Qxc4 36. Qd4 Qb5 37. Nf4 Nf6 38. Qd2 Qc5 39. Nd4 Qc4 40. Qe2 Qxe2 41. Nfxe2 Kf8 42. f3 Ke7 43. Nc3 g6 44. g4 Rc5 45. Kf2 Rc4 46. h4 g5 47. h5 Be6 48. Rd1 Ne8 49. Kg3 Nc7 50. Rd3 a4 51. f4 f6 52. Kf3 Bd7 53. Nce2 Ne8 54. b3 axb3 55. Rxb3 Ra4 56. Nc3 Ra5 57. Rxb6 Nd6 58. Nb3 Rxa3 59. Nxd5+ Ke6 60. Nc7+ Ke7 61. Nd5+ Ke6 62. Nc7+ Ke7 63. f5 Nc8 64. Rb4 Bc6+ 65. Kf2 Ra2+ 66. Kg3 Nd6 67. Nc5 Rg2+ 68. Kh3 Re2 69. Rb3 Nc4 70. Nb5 Nxe3 71. Nd4 Bg2+ 72. Kh2 Nxg4+ 73. Kg3 Re3+ 74. Kxg2 Rxb3 75. Ncxb3 Kd6 76. Kf3 Ne5+ 77. Ke4 Nf7 78. Ne6 Ke7 79. Nbd4 Nd6+ 80. Kd5 Nf7 81. Nc6+ Kd7 82. Nf8+ Kc7 83. Nd4 g4 84. Ke4 Kd6 85. Ng6 Kc5 86. Ne6+ Kc4 87. Kf4 Kd5 88. Kxg4 Ke4 89. Nc5+ Ke3 90. Nd7 1-0

[Event "EU-ch Rapid (Women)"]
[Site "Monaco"]
[Date "2024.01.14"]
[Round "10"]
[White "Hoang, Thanh Trang"]
[Black "Khurtsilava, Inga"]
[Result "1-0"]
[WhiteElo "2382"]
[BlackElo "2186"]
[PlyCount "85"]
[EventDate "2024.01.13"]
[EventType "swiss (rapid)"]
[EventRounds "11"]
[EventCountry "MNC"]
[SourceTitle "CBM 218 Extra"]
[Source "ChessBase"]
[SourceDate "2024.03.31"]
[SourceVersion "1"]
[SourceVersionDate "2024.03.31"]
[SourceQuality "1"]

1. d4 Nf6 2. Nf3 b6 3. e3 Bb7 4. Bd3 e6 5. 0-0 Be7 6. c4 0-0 7. Nc3 d5 8. cxd5 exd5 9. b3 Nbd7 10. Bb2 a6 11. Rc1 Bd6 12. Qc2 Re8 13. Ne2 Ne4 14. Ne5 Nxe5 15. dxe5 Bxe5 16. Bxe5 Rxe5 17. Qxc7 Re7 18. Qxd8+ Rxd8 19. Rfd1 a5 20. Bxe4 Rxe4 21. Rc7 Ba6 22. Nc3 Re5 23. Rc6 Re6 24. Rxd5 Rde8 25. Rc7 h6 26. Rdd7 Rf6 27. Nd5 Rfe6 28. Rxf7 Rd6 29. Rxg7+ Kh8 30. Rh7+ Kg8 31. Rhd7 Rxd7 32. Rxd7 Re6 33. f3 Bb5 34. Rd8+ Kf7 35. Nc7 Re5 36. Nxb5 Rxb5 37. Rb8 Ke6 38. Kf2 Kd5 39. Ke2 Kc5 40. e4 Kb4 41. a4 Rg5 42. Rxb6+ Kc3 43. g3 1-0

[Event "EU-ch Rapid (Women)"]
[Site "Monaco"]
[Date "2024.01.13"]
[Round "5"]
[White "Iasman, Inna"]
[Black "Hoang, Thanh Trang"]
[Result "0-1"]
[WhiteElo "1889"]
[BlackElo "2382"]
[PlyCount "30"]
[EventDate "2024.01.13"]
[EventType "swiss (rapid)"]
[EventRounds "11"]
[EventCountry "MNC"]
[SourceTitle "CBM 218 Extra"]
[Source "ChessBase"]
[SourceDate "2024.03.31"]
[SourceVersion "1"]
[SourceVersionDate "2024.03.31"]
[SourceQuality "1"]

1. d4 e6 2. c4 f5 3. g3 Nf6 4. Bg2 c6 5. Nc3 d5 6. Nf3 Bd6 7. b3 0-0 8. 0-0 Qe7 9. a3 Nbd7 10. Bb2 b6 11. Qc2 Bb7 12. Rfe1 Rac8 13. Ne5 Nxe5 14. dxe5 Bxe5 15. Nxd5 exd5 0-1

[Event "EU-ch Blitz (Women)"]
[Site "Monaco"]
[Date "2024.01.12"]
[Round "13"]
[White "Gvetadze, Sofio"]
[Black "Hoang, Thanh Trang"]
[Result "1-0"]
[WhiteElo "2298"]
[BlackElo "2382"]
[PlyCount "139"]
[EventDate "2024.01.12"]
[EventType "swiss (blitz)"]
[EventRounds "13"]
[EventCountry "MNC"]
[SourceTitle "CBM 218 Extra"]
[Source "ChessBase"]
[SourceDate "2024.03.31"]
[SourceVersion "1"]
[SourceVersionDate "2024.03.31"]
[SourceQuality "1"]

1. e4 e6 2. d4 d5 3. e5 c5 4. c3 Nc6 5. Nf3 Qb6 6. a3 c4 7. g3 Bd7 8. h4 Na5 9. Nbd2 Ne7 10. Bh3 Qc7 11. 0-0 Nc8 12. Nh2 Nb6 13. f4 Ba4 14. Qe2 g6 15. Ndf3 0-0-0 16. Be3 Be7 17. Ng5 Be8 18. Kg2 Kb8 19. Ng4 h6 20. Nf3 Nd7 21. Bg1 Nb3 22. Rae1 Rc8 23. Bh2 Bd8 24. Ne3 Nb6 25. Kh1 Ka8 26. Bg2 Ba4 27. Ng1 Be7 28. Qf2 Rcg8 29. Nf3 Be8 30. Kg1 Na4 31. Kh1 a6 32. Bh3 g5 33. h5 gxf4 34. gxf4 Qd8 35. Rg1 Bh4 36. Qxh4 Qxh4 37. Nxh4 Nxb2 38. Rxg8 Rxg8 39. Bf1 Na4 40. Nd1 Nd2 41. Bg2 Rg4 42. Nf3 Ne4 43. Re3 Rg8 44. Ne1 Nd2 45. Rg3 Rxg3 46. Bxg3 Nb1 47. f5 Nbxc3 48. Ne3 Ne2 49. Bh4 c3 50. fxe6 fxe6 51. Bh3 Nf4 52. Bg4 b5 53. Bf6 a5 54. Bg7 b4 55. axb4 axb4 56. Bxh6 Nxh5 57. Bxe6 b3 58. Bxd5+ Ka7 59. Bxb3 Bc6+ 60. Kg1 Ng3 61. d5 Bb7 62. Kf2 Ne4+ 63. Ke2 Nac5 64. Bc2 Ba6+ 65. Kf3 Nd2+ 66. Kf4 Kb6 67. Bf8 Nd7 68. Bb4 Nc4 69. Bxc3 Kc5 70. Ke4 1-0

[Event "EU-ch Blitz (Women)"]
[Site "Monaco"]
[Date "2024.01.12"]
[Round "11"]
[White "Hoang, Thanh Trang"]
[Black "Cramling, Pia"]
[Result "1/2-1/2"]
[WhiteElo "2382"]
[BlackElo "2437"]
[PlyCount "63"]
[EventDate "2024.01.12"]
[EventType "swiss (blitz)"]
[EventRounds "13"]
[EventCountry "MNC"]
[SourceTitle "CBM 218 Extra"]
[Source "ChessBase"]
[SourceDate "2024.03.31"]
[SourceVersion "1"]
[SourceVersionDate "2024.03.31"]
[SourceQuality "1"]

1. d4 Nf6 2. Nf3 e6 3. e3 b6 4. Bd3 Bb7 5. 0-0 c5 6. c4 d6 7. Nc3 Nbd7 8. Re1 a6 9. a3 Be7 10. Bc2 d5 11. cxd5 exd5 12. e4 dxe4 13. Nxe4 Nxe4 14. Bxe4 Bxe4 15. Rxe4 Nf6 16. Re1 0-0 17. Bg5 h6 18. Bxf6 Bxf6 19. dxc5 bxc5 20. Qc2 Qb6 21. Rab1 Rab8 22. Nd2 Rfd8 23. Nc4 Qb3 24. Rec1 Qxc2 25. Rxc2 Rd3 26. h3 Rdb3 27. Kf1 Kf8 28. Ke2 Re8+ 29. Kf1 Reb8 30. Ke2 Re8+ 31. Kf1 Reb8 32. Ke2 1/2-1/2

[Event "EU-ch Blitz (Women)"]
[Site "Monaco"]
[Date "2024.01.12"]
[Round "1"]
[White "Hoang, Thanh Trang"]
[Black "Mrvova, Alena"]
[Result "1-0"]
[WhiteElo "2382"]
[BlackElo "2160"]
[PlyCount "39"]
[EventDate "2024.01.12"]
[EventType "swiss (blitz)"]
[EventRounds "13"]
[EventCountry "MNC"]
[SourceTitle "CBM 218 Extra"]
[Source "ChessBase"]
[SourceDate "2024.03.31"]
[SourceVersion "1"]
[SourceVersionDate "2024.03.31"]
[SourceQuality "1"]

1. d4 d5 2. Bf4 g6 3. e3 Bg7 4. Nf3 Nf6 5. Nbd2 0-0 6. h3 b6 7. Bd3 Bb7 8. 0-0 c5 9. c3 Nbd7 10. Ne5 Ne4 11. Nxd7 Qxd7 12. Nxe4 dxe4 13. Bc4 cxd4 14. cxd4 Bd5 15. Rc1 Rac8 16. Bxd5 Qxd5 17. Qa4 a5 18. Rfd1 e6 19. Bc7 b5 20. Qb3 1-0

[Event "EU-ch Blitz (Women)"]
[Site "Monaco"]
[Date "2024.01.12"]
[Round "8"]
[White "Sliwicka, Alicja"]
[Black "Hoang, Thanh Trang"]
[Result "1-0"]
[WhiteElo "2311"]
[BlackElo "2382"]
[PlyCount "79"]
[EventDate "2024.01.12"]
[EventType "swiss (blitz)"]
[EventRounds "13"]
[EventCountry "MNC"]
[SourceTitle "CBM 218 Extra"]
[Source "ChessBase"]
[SourceDate "2024.03.31"]
[SourceVersion "1"]
[SourceVersionDate "2024.03.31"]
[SourceQuality "1"]

1. e4 e6 2. d4 d5 3. e5 c5 4. c3 Nc6 5. Nf3 Qb6 6. Bd3 cxd4 7. 0-0 Bd7 8. Re1 Rc8 9. Nbd2 dxc3 10. bxc3 a6 11. Rb1 Qc7 12. Nb3 Nh6 13. Be3 Ng4 14. Bf4 h5 15. h3 Nh6 16. c4 Nb4 17. c5 Nxd3 18. Qxd3 Bb5 19. Qd2 Nf5 20. Rec1 Be7 21. Bg5 Bxg5 22. Qxg5 Bd3 23. Rb2 Be4 24. Nbd2 b5 25. g4 hxg4 26. hxg4 Bxf3 27. Nxf3 Ne7 28. Kg2 Kd7 29. c6+ Ke8 30. Nd4 g6 31. Qf6 Rf8 32. Rbc2 Ng8 33. Qg5 Qe7 34. Qf4 f6 35. c7 fxe5 36. Qxe5 Kd7 37. Rc6 Rf6 38. g5 Rff8 39. Rxe6 Qa3 40. Qxd5+ 1-0

[Event "EU-ch Blitz (Women)"]
[Site "Monaco"]
[Date "2024.01.12"]
[Round "10"]
[White "Unuk, Laura"]
[Black "Hoang, Thanh Trang"]
[Result "0-1"]
[WhiteElo "2346"]
[BlackElo "2382"]
[PlyCount "74"]
[EventDate "2024.01.12"]
[EventType "swiss (blitz)"]
[EventRounds "13"]
[EventCountry "MNC"]
[SourceTitle "CBM 218 Extra"]
[Source "ChessBase"]
[SourceDate "2024.03.31"]
[SourceVersion "1"]
[SourceVersionDate "2024.03.31"]
[SourceQuality "1"]

1. d4 e6 2. e4 d5 3. Nc3 Nf6 4. e5 Nfd7 5. f4 c5 6. Nf3 Nc6 7. Be3 a6 8. Qd2 b5 9. dxc5 Bxc5 10. Bxc5 Nxc5 11. Nd4 Bb7 12. Nxc6 Bxc6 13. Qd4 Qb6 14. Rd1 b4 15. Ne2 a5 16. Ng3 Rb8 17. Be2 Na4 18. Qxb6 Rxb6 19. 0-0 Nxb2 20. Rd4 Na4 21. f5 0-0 22. Bg4 Bd7 23. fxe6 fxe6 24. Rxf8+ Kxf8 25. Rf4+ Ke7 26. Nh5 Nc3 27. Nxg7 Nxa2 28. Bh5 Nc3 29. Rf7+ Kd8 30. Rf8+ Kc7 31. Ne8+ Bxe8 32. Rxe8 a4 33. Ra8 Kb7 34. Ra5 Ra6 35. Rxa6 Kxa6 36. Bf7 a3 37. Bxe6 a2 0-1

[Event "EU-chT (Women) 24th"]
[Site "Budva"]
[Date "2023.11.18"]
[Round "7.1"]
[White "Hoang, Thanh Trang"]
[Black "Tsolakidou, Stavroula"]
[Result "0-1"]
[WhiteElo "2393"]
[BlackElo "2389"]
[PlyCount "82"]
[EventDate "2023.11.11"]
[EventType "team-swiss"]
[EventRounds "9"]
[EventCountry "MNE"]
[SourceTitle "CBM 217 Extra"]
[Source "ChessBase"]
[SourceDate "2024.01.31"]
[SourceVersion "1"]
[SourceVersionDate "2024.01.31"]
[SourceQuality "1"]
[WhiteTeam "Hungary (W)"]
[BlackTeam "Greece (W)"]
[WhiteTeamCountry "HUN"]
[BlackTeamCountry "GRE"]

1. d4 Nf6 2. Nf3 g6 3. g3 Bg7 4. Bg2 0-0 5. 0-0 d6 6. a4 c6 7. a5 Qc7 8. Nc3 e5 9. e4 Re8 10. h3 Nbd7 11. Re1 Rb8 12. Be3 b5 13. axb6 axb6 14. d5 Bb7 15. Nd2 b5 16. dxc6 Bxc6 17. Nb3 Nb6 18. Na5 Bd7 19. Bf1 Na4 20. Nxa4 bxa4 21. Nc4 Nxe4 22. Nb6 Nxf2 23. Bxf2 Rxb6 24. Bxb6 Qxb6+ 25. Kh2 e4 26. Qd2 Bxb2 27. Rad1 Be5 28. Bc4 Qc5 29. Qe2 Bc6 30. Rb1 d5 31. Bb5 a3 32. c4 Ra8 33. Bxc6 Qxc6 34. cxd5 Qc3 35. Qg2 a2 36. Rbd1 a1Q 37. Rxa1 Rxa1 38. Rxa1 Qxa1 39. Qxe4 Qb2+ 40. Qg2 Qxg2+ 41. Kxg2 Kf8 0-1

[Event "EU-chT (Women) 24th"]
[Site "Budva"]
[Date "2023.11.12"]
[Round "2.4"]
[White "Hoang, Thanh Trang"]
[Black "Stefanova, Antoaneta"]
[Result "1-0"]
[WhiteElo "2393"]
[BlackElo "2417"]
[PlyCount "105"]
[EventDate "2023.11.11"]
[EventType "team-swiss"]
[EventRounds "9"]
[EventCountry "MNE"]
[SourceTitle "CBM 217 Extra"]
[Source "ChessBase"]
[SourceDate "2024.01.31"]
[SourceVersion "1"]
[SourceVersionDate "2024.01.31"]
[SourceQuality "1"]
[WhiteTeam "Hungary (W)"]
[BlackTeam "Bulgaria (W)"]
[WhiteTeamCountry "HUN"]
[BlackTeamCountry "BUL"]

1. d4 Nf6 2. Nf3 e6 3. e3 c5 4. Bd3 d5 5. 0-0 Nc6 6. b3 Qc7 7. Bb2 cxd4 8. exd4 Nb4 9. c4 Nxd3 10. Qxd3 b6 11. Nc3 dxc4 12. Nb5 Qb7 13. bxc4 Be7 14. d5 0-0 15. Ng5 h6 16. Bxf6 hxg5 17. Be5 f6 18. Bb2 Rd8 19. Rad1 e5 20. Rfe1 Bf8 21. Ba3 Bxa3 22. Qxa3 a6 23. Nc3 Bf5 24. Qb3 Rac8 25. Rc1 Kh7 26. h3 Rc7 27. Red1 Rdc8 28. Ne2 b5 29. Qf3 Bd7 30. cxb5 Rxc1 31. Rxc1 Rxc1+ 32. Nxc1 Qxb5 33. Nb3 Qc4 34. Qd1 g4 35. hxg4 Bxg4 36. Qd2 Bd7 37. d6 Kg8 38. Qa5 Qg4 39. f3 Qf5 40. Qxa6 Qb1+ 41. Kf2 Qd1 42. Qc4+ Kh7 43. Qb4 f5 44. Qd2 Qb1 45. Qe2 e4 46. fxe4 fxe4 47. Nc5 Bc6 48. d7 Qb6 49. Qe3 Qb2+ 50. Kg3 Qe5+ 51. Qf4 Qd5 52. Qh4+ Kg6 53. d8Q 1-0

[Event "FIDE Grand Swiss (Women)"]
[Site "Douglas"]
[Date "2023.11.05"]
[Round "11"]
[White "Shuvalova, Polina"]
[Black "Hoang, Thanh Trang"]
[Result "1/2-1/2"]
[WhiteElo "2506"]
[BlackElo "2398"]
[PlyCount "93"]
[EventDate "2023.10.25"]
[EventType "swiss"]
[EventRounds "11"]
[EventCountry "IOM"]
[SourceTitle "CBM 217"]
[Source "ChessBase"]
[SourceDate "2023.12.31"]
[SourceVersion "1"]
[SourceVersionDate "2023.12.31"]
[SourceQuality "1"]

1. e4 e6 2. d4 d5 3. Nd2 c5 4. exd5 Qxd5 5. Ngf3 cxd4 6. Bc4 Qd7 7. 0-0 Nc6 8. Nb3 Nf6 9. Nbxd4 Nxd4 10. Nxd4 a6 11. Re1 b5 12. Bb3 Bb7 13. c3 Be7 14. Bg5 Bd5 15. Nf5 Bxb3 16. Nxg7+ Kf8 17. Qxd7 Nxd7 18. Bxe7+ Kxe7 19. axb3 Nc5 20. Nf5+ Kf6 21. Ng3 Rhd8 22. b4 Nd3 23. Re2 Rd5 24. Ne4+ Ke7 25. g3 h6 26. f4 f5 27. Nf2 Nxf2 28. Kxf2 Rd6 29. Rae1 Kf6 30. Re5 h5 31. h3 Rg8 32. Kf3 Re8 33. Rc5 Rd3+ 34. Re3 Rxe3+ 35. Kxe3 Rg8 36. Kf3 Rd8 37. Rc6 Rd3+ 38. Kf2 Rd2+ 39. Ke3 Rxb2 40. Rxa6 h4 41. gxh4 Rh2 42. Kd4 Rxh3 43. Ra3 Rxh4 44. Kc5 Rxf4 45. Kxb5 e5 46. c4 e4 47. c5 1/2-1/2

[Event "FIDE Grand Swiss (Women)"]
[Site "Douglas"]
[Date "2023.11.02"]
[Round "8"]
[White "Hoang, Thanh Trang"]
[Black "Guichard, Pauline"]
[Result "0-1"]
[WhiteElo "2398"]
[BlackElo "2358"]
[PlyCount "146"]
[EventDate "2023.10.25"]
[EventType "swiss"]
[EventRounds "11"]
[EventCountry "IOM"]
[SourceTitle "CBM 217"]
[Source "ChessBase"]
[SourceDate "2023.12.31"]
[SourceVersion "1"]
[SourceVersionDate "2023.12.31"]
[SourceQuality "1"]

1. d4 Nf6 2. Nf3 d5 3. c4 e6 4. g3 Be7 5. Bg2 0-0 6. 0-0 dxc4 7. Qc2 b5 8. a4 b4 9. Nfd2 Nd5 10. Nxc4 c5 11. e4 Nb6 12. dxc5 Nxc4 13. e5 Ba6 14. Bxa8 Nd7 15. Bg2 Nxc5 16. Rd1 b3 17. Qe2 Qb8 18. Nc3 Na3 19. Qh5 Nc2 20. Rb1 g6 21. Qh6 Qxe5 22. Bf4 Qf5 23. Bh3 Qf6 24. Rd5 Nd4 25. Bg4 Nf3+ 26. Bxf3 exd5 27. Nxd5 Qe6 28. Bd2 Re8 29. Nc7 Qf5 30. Re1 Rd8 31. Rxe7 Qxf3 32. Ne8 Qd1+ 33. Re1 Qxe1+ 34. Bxe1 Rxe8 35. Bc3 Ne6 36. Qe3 Rd8 37. Qxa7 Rd1+ 38. Kg2 Bf1+ 39. Kf3 f5 40. Qb8+ Rd8 41. Qxd8+ Nxd8 42. Kf4 Nc6 43. h4 h5 44. a5 Kf7 45. f3 Be2 46. Ke3 Ba6 47. Kf4 Ke6 48. g4 fxg4 49. fxg4 hxg4 50. Kxg4 Be2+ 51. Kf4 Kd5 52. Ke3 Bh5 53. a6 Kd6 54. Kd3 Kc7 55. Kc4 Bd1 56. Kc5 Be2 57. Kd5 Bxa6 58. Bf6 Kd7 59. Bc3 Be2 60. Bf6 Bg4 61. Kc4 Be6+ 62. Kc5 Bg8 63. Bc3 Ne7 64. Kd4 Ke6 65. Ke4 Nd5 66. Bd4 Bf7 67. Bh8 Be8 68. Bd4 Bb5 69. Bh8 Be2 70. Kd4 Bd1 71. Ke4 Bc2+ 72. Kf3 Kf5 73. Bd4 Bd1+ 0-1

[Event "FIDE Grand Swiss (Women)"]
[Site "Douglas"]
[Date "2023.10.27"]
[Round "3"]
[White "Hoang, Thanh Trang"]
[Black "Batsiashvili, Nino"]
[Result "1/2-1/2"]
[WhiteElo "2398"]
[BlackElo "2475"]
[PlyCount "75"]
[EventDate "2023.10.25"]
[EventType "swiss"]
[EventRounds "11"]
[EventCountry "IOM"]
[SourceTitle "CBM 217"]
[Source "ChessBase"]
[SourceDate "2023.12.31"]
[SourceVersion "1"]
[SourceVersionDate "2023.12.31"]
[SourceQuality "1"]

1. d4 Nf6 2. Nf3 c5 3. d5 b5 4. c3 b4 5. c4 e6 6. dxe6 dxe6 7. Qxd8+ Kxd8 8. g3 Bb7 9. Bg2 Bd6 10. 0-0 Ke7 11. b3 a5 12. a4 Nc6 13. Bb2 Rhd8 14. Nbd2 Rd7 15. Ng5 Nd4 16. Bxd4 cxd4 17. Bxb7 Rxb7 18. Nde4 h6 19. Nxf6 hxg5 20. Ne4 g4 21. Rad1 Be5 22. f4 gxf3 23. exf3 f5 24. Nc5 Rc7 25. Nd3 Bf6 26. f4 g5 27. Rfe1 Rd8 28. Re2 gxf4 29. gxf4 Rg8+ 30. Rg2 Rxg2+ 31. Kxg2 Kd6 32. Rg1 Rh7 33. Kh1 Rh6 34. Rg8 Rh3 35. Rg3 Rh6 36. Rg8 Rh3 37. Rg3 Rh6 38. Rg8 1/2-1/2

[Event "FIDE Grand Swiss (Women)"]
[Site "Douglas"]
[Date "2023.10.26"]
[Round "2"]
[White "Harika, Dronavalli"]
[Black "Hoang, Thanh Trang"]
[Result "1/2-1/2"]
[WhiteElo "2502"]
[BlackElo "2398"]
[PlyCount "103"]
[EventDate "2023.10.25"]
[EventType "swiss"]
[EventRounds "11"]
[EventCountry "IOM"]
[SourceTitle "CBM 217"]
[Source "ChessBase"]
[SourceDate "2023.12.31"]
[SourceVersion "1"]
[SourceVersionDate "2023.12.31"]
[SourceQuality "1"]

1. d4 d5 2. c4 e6 3. Nf3 a6 4. Bg5 Be7 5. Bxe7 Qxe7 6. Nbd2 Nf6 7. Rc1 0-0 8. e3 c5 9. Be2 cxd4 10. exd4 Nc6 11. 0-0 dxc4 12. Nxc4 Rd8 13. Qb3 Rb8 14. Nb6 Bd7 15. Rfd1 Be8 16. a3 Nd5 17. Nxd5 Rxd5 18. Bc4 Na5 19. Qe3 Nxc4 20. Rxc4 Bb5 21. Rc3 Rbd8 22. Re1 h6 23. h3 R5d6 24. Rec1 Bc6 25. Ne5 Rxd4 26. Nxc6 bxc6 27. Rxc6 Qb7 28. R6c2 Rd1+ 29. Kh2 Qb8+ 30. Qg3 Rxc1 31. Qxb8 Rxb8 32. Rxc1 Rxb2 33. Rc6 Rxf2 34. Rxa6 Ra2 35. a4 g5 36. a5 Kg7 37. Ra7 h5 38. Kg3 Kg6 39. a6 e5 40. Kf3 f5 41. Ra8 g4+ 42. hxg4 hxg4+ 43. Kg3 Kg5 44. Rg8+ Kf6 45. Ra8 Ra3+ 46. Kh4 g3 47. a7 Kg7 48. Kg5 f4 49. Kg4 Ra6 50. Kf3 Ra3+ 51. Kg4 Ra6 52. Kf3 1/2-1/2